书目信息 |
| 题名: |
甘肃国家生态安全屏障建设发展报告
|
|
| 作者: | 刘举科 , 喜文华 主编 | |
| 分册: | 2018 | |
| 出版信息: | 北京 社会科学文献出版社 2019.02 |
|
| 页数: | 294页 | |
| 开本: | 24cm | |
| 丛书名: | 皮书系列 | |
| 单 册: | ||
| 中图分类: | X321.242 | |
| 科图分类: | ||
| 主题词: | 生态环境建设--sheng tai huan jing jian she--研究报告--中国--甘肃--2018 | |
| 电子资源: | ||
| ISBN: | 978-7-5097-8213-2 | |
| 000 | 01646nam 2200313 450 | |
| 001 | 202019133834 | |
| 005 | 20190921113345.0 | |
| 010 | @a978-7-5097-8213-2@dCNY108.00 | |
| 100 | @a20190919d2019 em y0chiy50 ea | |
| 101 | 0 | @achi@deng@eeng |
| 102 | @aCN@b110000 | |
| 105 | @ak a 000yy | |
| 106 | @ar | |
| 200 | 1 | @a甘肃国家生态安全屏障建设发展报告@Agan su guo jia sheng tai an quan ping zhang jian she fa zhan bao gao@h2018@d= Report on the development of Gansu province's national ecological security barriers@h2018@f主编刘举科, 喜文华@zeng |
| 210 | @a北京@c社会科学文献出版社@d2019.02 | |
| 215 | @a294页@d24cm | |
| 225 | 2 | @a皮书系列@Api shu xi lie |
| 300 | @a生态安全绿皮书 “十二五”“十三五”国家重点图书出版规划项目 2018版 | |
| 320 | @a有书目 (第290-294页) | |
| 330 | @a本书由甘肃省政府参事室、甘肃省城市发展研究院和中国社会科学院专家共同组织编撰, 深入分析了2018年甘肃省国家生态安全屏障建设的现状与问题, 结合甘肃生态安全屏障建设实践, 制定了科学的考核评价指标体系, 建立了考核评价模型, 对甘肃国家生态安全屏障安全等级指数、资源环境承载力进行综合评价, 对生态安全屏障建设区地质灾害风险进行评估, 并给出生态屏障建设的侧重度、难度和综合度等具体建议。 | |
| 410 | 0 | @12001 @a皮书系列 |
| 510 | 1 | @aReport on the development of Gansu province's national ecological security barriers@h2018@zeng |
| 516 | 1 | @a2018生态安全绿皮书@A2018 sheng tai an quan lv pi shu |
| 606 | 0 | @a生态环境建设@Asheng tai huan jing jian she@x研究报告@y中国@y甘肃@z2018 |
| 690 | @aX321.242@v5 | |
| 701 | 0 | @a刘举科@Aliu ju ke@4主编 |
| 701 | 0 | @a喜文华@Axi wen hua@4主编 |
| 801 | 0 | @aCN@c20190905 |
| 905 | @a河南城建学院图书馆@dX321.242@eL633:2018 | |
| 甘肃国家生态安全屏障建设发展报告.2018= Report on the development of Gansu province's national ecological security barriers.2018/主编刘举科, 喜文华.-北京:社会科学文献出版社,2019.02 |
| 294页;24cm.-(皮书系列) |
| 生态安全绿皮书 “十二五”“十三五”国家重点图书出版规划项目 2018版 |
| ISBN 978-7-5097-8213-2:CNY108.00 |
| 本书由甘肃省政府参事室、甘肃省城市发展研究院和中国社会科学院专家共同组织编撰, 深入分析了2018年甘肃省国家生态安全屏障建设的现状与问题, 结合甘肃生态安全屏障建设实践, 制定了科学的考核评价指标体系, 建立了考核评价模型, 对甘肃国家生态安全屏障安全等级指数、资源环境承载力进行综合评价, 对生态安全屏障建设区地质灾害风险进行评估, 并给出生态屏障建设的侧重度、难度和综合度等具体建议。 |
| ● |
| 相关链接 |
|
|
|
正题名:甘肃国家生态安全屏障建设发展报告
索取号:X321.242/L633:2018
 
预约/预借
| 序号 | 登录号 | 条形码 | 馆藏地/架位号 | 状态 | 备注 |
| 1 | 1441433 | 214414338 | 期刊室512/ [索取号:X321.242/L633:2018] | 在馆 |